LEADER 01149nam2-2200349---450- 001 990006126880203316 005 20160218135320.0 035 $a000612688 035 $aUSA01000612688 035 $a(ALEPH)000612688USA01 035 $a000612688 100 $a20160218d1971----km-y0itay50------ba 101 $aita 102 $aIT 105 $aaf--||||001yy 200 1 $a<<2.:>> Composizione degli edifici$esez. 3., Alberghi e ristoranti, sez. 4. Ospedali e assistenza sanitaria$fPasquale Carbonara 210 $aTorino$cUnione tipografico-editrice torinese$d1971 215 $a742 p., [27] p. di tav.$cill.$d26 cm 461 0$1001000612676$12001$aArchitettura pratica 606 0 $aArchitettura$xEnciclopedie$2BNCF 676 $a720.351 700 1$aCARBONARA,$bPasquale$02209 801 0$aIT$bsalbc$gISBD 912 $a990006126880203316 951 $a720.351 CAR/2$b2718 Ing.$c720$d00331172 959 $aBK 969 $aTEC 979 $aPAOLA$b90$c20160218$lUSA01$h1350 979 $aPAOLA$b90$c20160218$lUSA01$h1351 979 $aPAOLA$b90$c20160218$lUSA01$h1353 996 $aComposizione degli edifici$91385051 997 $aUNISA LEADER 02198oas 2200901 a 450 001 9910147116703321 005 20251106213014.0 011 $a1554-8937 035 $a(DE-599)ZDB2221735-6 035 $a(DE-599)2221735-6 035 $a(OCoLC)58045459 035 $a(CONSER) 2005212164 035 $a(CKB)1000000000035043 035 $a(EXLCZ)991000000000035043 100 $a20050304a20069999 sy a 101 0 $aeng 135 $aurcn||||||||| 181 $ctxt$2rdacontent 182 $cc$2rdamedia 183 $acr$2rdacarrier 200 10$aACS chemical biology 210 $aWashington, D.C. $cAmerican Chemical Society$dİ2006- 300 $aRefereed/Peer-reviewed 300 $aTitle from PDF caption (publisher's Web site, viewed Nov. 21, 2006). 311 08$a1554-8929 517 3 $aAmerican Chemical Society chemical biology 517 1 $aChemical biology 531 0 $aACS chem. biol. 606 $aChemistry$vPeriodicals 606 $aBiochemistry 606 $aBiology 606 $aBiochimie$vPe?riodiques 606 $abiochemistry$2aat 606 $aorganic chemistry$2aat 606 $aChemistry$2fast$3(OCoLC)fst00853344 608 $aPeriodical. 608 $aPeriodicals.$2fast 615 0$aChemistry 615 12$aBiochemistry. 615 22$aBiology. 615 6$aBiochimie 615 7$abiochemistry. 615 7$aorganic chemistry. 615 7$aChemistry. 676 $a540 712 02$aAmerican Chemical Society 801 0$bNSD 801 1$bNSD 801 2$bOCLCQ 801 2$bNLM 801 2$bNSD 801 2$bKNV 801 2$bNSD 801 2$bKSU 801 2$bOCLCQ 801 2$bVRC 801 2$bOCLCQ 801 2$bOCLCO 801 2$bOCLCF 801 2$bOCLCO 801 2$bVT2 801 2$bOCLCQ 801 2$bOCLCO 801 2$bOCLCQ 801 2$bOCLCO 801 2$bOCLCA 801 2$bDLC 801 2$bOCLCQ 801 2$bUAB 801 2$bOCLCL 801 2$bS2H 801 2$bOCLCL 801 2$bEZN 801 2$bOCLCQ 906 $aJOURNAL 912 $a9910147116703321 996 $aACS chemical biology$91762300 997 $aUNINA